000
00230nam a2200109Ia 4500
100
_a
Byron/Gottfried
942
_c
BK
245
_a
Programming With C
260
_b
Tata McGrawhill
_a
New Delhi.
300
_a
531
546
_a
ENGLISH
999
_c
31046
_d
31046